| 000 | 00734cab a2200229 4500 | ||
|---|---|---|---|
| 001 | WB3343-12 | ||
| 008 | 090401t1997 xxu||||| |||| 00| 0 eng d | ||
| 035 | _a(Sirsi) u81916 | ||
| 041 | _aeng | ||
| 245 | _aBelgravia beats Holland Park | ||
| 260 | _c1997 | ||
| 350 | _a0 | ||
| 490 |
_aTimes _v5 November 1997, 43(1) |
||
| 520 | _aA survey of central London estate agents has revealed the most desirable London addresses are in Belgravia, especially Eaton Square, Chester Square and Wilton Crescent. | ||
| 650 | _aBELGRAVIA | ||
| 650 | _aBEST ADDRESSES | ||
| 650 | _aCENTRAL LONDON | ||
| 650 | _aHOUSING MARKET | ||
| 690 | _aPROPERTY-RESIDENTIAL PROPERTY-RESIDENTIAL PROPERTY MARKET | ||
| 942 | _n0 | ||
| 948 | _c05/11/1997 | ||
| 999 |
_c51656 _d51656 |
||